Southville International School and Colleges
Your cart is empty.
  • Cart
  • Lists
    Public lists Eva Luna New books Lux_list list_1
    Your lists Log in to create your own lists
  • Log in to your account
  • Your cookies
  • Search history
Southville International School and Colleges
  • Advanced search
  • Recent comments
  • Most popular
  • Libraries

Log in to your account

Log in with GOOGLE


If you do not have an external account, but do have a local account, you can still log in:

  1. Home
  2. MARC view: Trapped in ice :
Normal view MARC view ISBD view

Trapped in ice : (Record no. 33897)

[ view plain ]
MARC details
000 -LEADER
fixed length control field 01187cam a22003494a 4500
001 - CONTROL NUMBER
control field 13926729
003 - CONTROL NUMBER IDENTIFIER
control field OSt
005 - DATE AND TIME OF LATEST TRANSACTION
control field 20140310184348.0
008 - FIXED-LENGTH DATA ELEMENTS--GENERAL INFORMATION
fixed length control field 050412s2006 nyuab b 001 0 eng
010 ## - LIBRARY OF CONGRESS CONTROL NUMBER
LC control number 2005042644
020 ## - INTERNATIONAL STANDARD BOOK NUMBER
International Standard Book Number 043974363X
035 ## - SYSTEM CONTROL NUMBER
System control number (OCoLC)ocm59756031
040 ## - CATALOGING SOURCE
Original cataloging agency DLC
Transcribing agency DLC
Modifying agency IG#
-- BAKER
-- VP@
-- IH9
-- DLC
042 ## - AUTHENTICATION CODE
Authentication code pcc
043 ## - GEOGRAPHIC AREA CODE
Geographic area code r------
050 00 - LIBRARY OF CONGRESS CALL NUMBER
Classification number SH 382
Item number .Sa26 2006
100 1# - MAIN ENTRY--PERSONAL NAME
Personal name Sandler, Martin W.
9 (RLIN) 24918
245 10 - TITLE STATEMENT
Title Trapped in ice :
Remainder of title an amazing true whaling adventure /
Statement of responsibility, etc Martin W. Sandler.
260 ## - PUBLICATION, DISTRIBUTION, ETC. (IMPRINT)
Place of publication, distribution, etc New York :
Name of publisher, distributor, etc Scholastic Inc.,
Date of publication, distribution, etc 2006.
300 ## - PHYSICAL DESCRIPTION
Extent 168 p. :
Other physical details col. ill. ;
Dimensions 20 cm.
521 ## - TARGET AUDIENCE NOTE
Target audience note
526 ## - STUDY PROGRAM INFORMATION NOTE
Reading level 1240
562 ## - COPY AND VERSION IDENTIFICATION NOTE
Number of copies 2
650 #0 - SUBJECT ADDED ENTRY--TOPICAL TERM
Topical term or geographic name as entry element Whaling
Geographic subdivision Arctic regions
General subdivision History
Chronological subdivision 19th century.
9 (RLIN) 24919
856 42 - ELECTRONIC LOCATION AND ACCESS
Materials specified Publisher description
Uniform Resource Identifier <a href="http://www.loc.gov/catdir/enhancements/fy1115/2005042644-d.html">http://www.loc.gov/catdir/enhancements/fy1115/2005042644-d.html</a>
906 ## - LOCAL DATA ELEMENT F, LDF (RLIN)
a 7
b cbc
c orignew
d 1
e ocip
f 20
g y-gencatlg
942 ## - ADDED ENTRY ELEMENTS (KOHA)
Source of classification or shelving scheme Library of Congress Classification
Koha item type
Holdings
Withdrawn status Lost status Source of classification or shelving scheme Damaged status Home library Current library Shelving location Date acquired Total Checkouts Full call number Barcode Date last seen Copy number Price effective from Koha item type
    Library of Congress Classification   Luxembourg Library Luxembourg Library Scholastic Reading Center Section 10/07/2013   SH 382 .Sa26 2006 LEX1392 04/18/2017 1 10/07/2013 Books
    Library of Congress Classification   Luxembourg Library Luxembourg Library Scholastic Reading Center Section 10/07/2013   SH 382 .Sa26 2006 LEX1391 04/18/2017 2 10/07/2013 Books
    Library of Congress Classification   Luxembourg Library Luxembourg Library Scholastic Reading Center Section 10/17/2013   SH 382 .Sa26 2006 SCHO0276 04/18/2017 3 10/17/2013 Books

Trapped in ice :

APA

Sandler M. W., . (2006). Trapped in ice. New York: Scholastic Inc.

Chicago

Sandler Martin W, . 2006. Trapped in ice. New York: Scholastic Inc.

Harvard

Sandler M. W., . (2006). Trapped in ice. New York: Scholastic Inc.

MLA

Sandler Martin W, . Trapped in ice. New York: Scholastic Inc. 2006.

  • Place hold
  • Print
  • Cite
  • Add to your cart (remove)
  • Save record
    BIBTEX Dublin Core MARCXML MARC (non-Unicode/MARC-8) MARC (Unicode/UTF-8) MARC (Unicode/UTF-8, Standard) MODS (XML) RIS
  • More searches
    Search for this title in:
    Other Libraries (WorldCat) Other Databases (Google Scholar) Online Stores (Bookfinder.com) Open Library (openlibrary.org)

Exporting to Dublin Core...

SOUTHVILLE LIBRARY

Southville International School and Colleges Library

1281 Tropical Ave. Cor. Luxembourg St., BF Homes International, Las Pinas City

Tel. No. 8256374 / 252358 Loc. 117/146

Powered by Koha